000 00537nam a2200181Ia 4500
005 20260429112241.0
008 260429s9999||||xx |||||||||||||| ||und||
020 _a9780691262642
041 _aEnglish
082 _a332.46
_bBEN
100 _aBenigno, Pierpaolo
245 0 _aMonetary economics and policy :
_bA foundation for modern currency systems /
_cPierpaolo Benigno
250 _ac
260 _aPrinceton :
_bPrinceton University Pres,
_c2025.
300 _axxi, 410 p.; Hb
650 _aFinancial Economics
942 _cTB
999 _c53124
_d53124